000 00328 a2200145 4500
001 166994
020 _a
040 _cMagnum
100 _aGomes, Icleia Rodrigues de Lima e
240 1 0 _aA escola como espaco de prazer
_lpor
245 1 0 _aA escola como espaco de prazer
362 0 _a1899
697 _aGERAL
942 _cBK
999 _c166994
_d166994